Uṣūl al-fiqh al-Islāmī, (Record no. 50515)
[ view plain ]
| 000 -LEADER | |
|---|---|
| fixed length control field | 00711cam a22002411 4500 |
| 001 - CONTROL NUMBER | |
| control field | ne 68002388 |
| 003 - CONTROL NUMBER IDENTIFIER | |
| control field | DLC |
| 005 - DATE AND TIME OF LATEST TRANSACTION | |
| control field | 20260227111843.0 |
| 008 - FIXED-LENGTH DATA ELEMENTS--GENERAL INFORMATION | |
| fixed length control field | 900622s1967 ua b 000 0 arar |
| 010 ## - LIBRARY OF CONGRESS CONTROL NUMBER | |
| LC control number | ne 68002388 |
| 025 ## - OVERSEAS ACQUISITION NUMBER | |
| Overseas acquisition number | PL480:UAR-9549 |
| 035 ## - SYSTEM CONTROL NUMBER | |
| System control number | (OCoLC)21898478 |
| 040 ## - CATALOGING SOURCE | |
| Original cataloging agency | DLC |
| Transcribing agency | WaU |
| Modifying agency | DLC |
| 042 ## - AUTHENTICATION CODE | |
| Authentication code | premarc |
| 050 00 - LIBRARY OF CONGRESS CALL NUMBER | |
| Classification number | LAW <Islam 7 Shab 1967-68> |
| 100 1# - MAIN ENTRY--PERSONAL NAME | |
| Personal name | Shaʻbān, Zakī al-Dīn. |
| 245 10 - TITLE STATEMENT | |
| Title | Uṣūl al-fiqh al-Islāmī, |
| Statement of responsibility, etc. | taʼlīf Zakī al-Dīn Shaʻbān. |
| 250 ## - EDITION STATEMENT | |
| Edition statement | [al-Ṭabʻah 3] |
| 260 ## - PUBLICATION, DISTRIBUTION, ETC. | |
| Place of publication, distribution, etc. | [al-Qāhirah] |
| Name of publisher, distributor, etc. | Dār al-Nahḍah al-ʻArabīyah |
| Date of publication, distribution, etc. | 1967-1968 [i.e. 1968] |
| 300 ## - PHYSICAL DESCRIPTION | |
| Extent | 447 p. |
| Dimensions | 24 cm. |
| 504 ## - BIBLIOGRAPHY, ETC. NOTE | |
| Bibliography, etc. note | Bibliographical footnotes. |
| 650 #0 - SUBJECT ADDED ENTRY--TOPICAL TERM | |
| Topical term or geographic name entry element | Islamic law. |
No items available.